000 00513nam a2200169Ia 4500
999 _c5941
_d5941
003 OSt
005 20200125101417.0
008 190216s9999||||xx |||||||||||||| ||und||
020 _a9788120311800
040 _coclc
082 _a658.4038011
_bSAD/M
100 _aSadagopan, S
_91394
245 0 _aManagement Information Systems /
_cS Sadagopan
260 _bPrentice Hall Of India Pvt Ltd,
_c2000.
_aNew Delhi:
300 _a217p
942 _cBK
_2ddc
_h658.4038011
_iSAD/M
_k658.4038011
_mSAD/M